| Tag |
First Indicator |
Second Indicator |
Subfields |
| LEADER |
00000cam a2200000Ii 4500 |
| 001 |
in00004023313 |
| 005 |
20190122115752.0 |
| 008 |
171213t20182018enk b 001 0 eng d |
| 010 |
|
|
|a 2018931633
|
| 020 |
|
|
|a 0198758693
|
| 020 |
|
|
|a 9780198758693
|
| 035 |
|
|
|a (OCoLC)on1015246064
|
| 040 |
|
|
|a YDX
|e rda
|c YDX
|d BDX
|d CDX
|d UtOrBLW
|
| 049 |
|
|
|a TXAM
|
| 050 |
|
4 |
|a BD171
|b .E39 2018
|
| 082 |
0 |
|
|a 121
|2 23
|
| 100 |
1 |
|
|a Edwards, Douglas
|q (Douglas Owain),
|e author.
|0 http://id.loc.gov/authorities/names/no2014100702
|
| 245 |
1 |
4 |
|a The metaphysics of truth /
|c Douglas Edwards.
|
| 250 |
|
|
|a First edition.
|
| 264 |
|
1 |
|a Oxford ;
|a New York :
|b Oxford University Press,
|c [2018]
|
| 264 |
|
4 |
|c ©2018
|
| 300 |
|
|
|a x, 198 pages ;
|c 25 cm.
|
| 336 |
|
|
|a text
|b txt
|2 rdacontent
|
| 337 |
|
|
|a unmediated
|b n
|2 rdamedia
|
| 338 |
|
|
|a volume
|b nc
|2 rdacarrier
|
| 504 |
|
|
|a Includes bibliographical references (pages [185]-193) and index.
|
| 520 |
|
|
|a What is truth? What role does truth play in the connections between language and the world? What is the relationship between truth and being? Douglas Edwards tackles these questions and develops a distinctive metaphysical worldview. He argues that in some domains language responds to the world, whereas in others language generates the world.
|
| 650 |
|
0 |
|a Truth.
|0 http://id.loc.gov/authorities/names/no91006764
|
| 650 |
|
0 |
|a Metaphysics.
|0 http://id.loc.gov/authorities/subjects/sh85084286
|
| 650 |
|
0 |
|a Ontology.
|0 http://id.loc.gov/authorities/subjects/sh85094833
|
| 945 |
|
|
|b 708651
|
| 947 |
|
|
|a A14850574386
|
| 948 |
|
|
|a cataloged
|b h
|c 2018/10/5
|d c
|e dmitchel
|f 7:30:20 am
|
| 994 |
|
|
|a 92
|b TXA
|
| 999 |
f |
f |
|s 210077c3-8db2-31ec-ab58-44a213cddb4e
|i 70bb8c67-da32-3ffd-9a75-caea45b72e56
|t 0
|
| 952 |
f |
f |
|p normal
|a Texas A&M University
|b College Station
|c Sterling C. Evans Library
|d Evans: Library Stacks
|t 0
|e BD171 .E39 2018
|h Library of Congress classification
|i unmediated -- volume
|m A14850574386
|
| 998 |
f |
f |
|a BD171 .E39 2018
|t 0
|l Evans: Library Stacks
|